Statistics for Comics by Homonymic Picture

Click here to take the quiz!

General Stats

  • This quiz has been taken 35 times
  • The average score is 3 of 8

Answer Stats

Answer% Correct
Peanuts
100%
Tiger
78%
Shoe
50%
Arctic Circle
16%
Foxtrot
16%
Cul de Sac
13%
The Far Side
13%
The Buckets
9%

Score Distribution

Percentile by Number Answered

Percent of People with Each Score

Your Score History

You have not taken this quiz